Welcome to CU Library Online Public Access Catalogue (OPAC)

The Developing Person (Record no. 4716)

MARC details
000 -LEADER
fixed length control field 00557nam a22001937a 4500
003 - CONTROL NUMBER IDENTIFIER
control field OSt
005 - DATE AND TIME OF LATEST TRANSACTION
control field 20250312201404.0
008 - FIXED-LENGTH DATA ELEMENTS--GENERAL INFORMATION
fixed length control field 250312b |||||||| |||| 00| 0 eng d
020 ## - INTERNATIONAL STANDARD BOOK NUMBER
International Standard Book Number 9780716703358
040 ## - CATALOGING SOURCE
Transcribing agency Central University Library
100 ## - MAIN ENTRY--PERSONAL NAME
Personal name Berger Stassen Kathleen
245 ## - TITLE STATEMENT
Title The Developing Person
Remainder of title Through the Life Span sixth edition
250 ## - EDITION STATEMENT
Edition statement Second Edition
260 ## - PUBLICATION, DISTRIBUTION, ETC.
Place of publication, distribution, etc. New York
Name of publisher, distributor, etc. Worth
Date of publication, distribution, etc. 2005
300 ## - PHYSICAL DESCRIPTION
Extent xii, 467 pages
Dimensions 27.5 cm
490 ## - SERIES STATEMENT
Materials specified Psychology
600 ## - SUBJECT ADDED ENTRY--PERSONAL NAME
Source of heading or term Telescope Student Guide Second Edition
942 ## - ADDED ENTRY ELEMENTS (KOHA)
Source of classification or shelving scheme Library of Congress Classification
Koha item type Books
Suppress in OPAC No
Holdings
Withdrawn status Lost status Source of classification or shelving scheme Damaged status Not for loan Collection Home library Current library Shelving location Date acquired Total checkouts Full call number Barcode Date last seen Copy number Price effective from Koha item type
    Library of Congress Classification     Non-fiction Business Library (Miotso) Business Library (Miotso) General stacks 03/12/2025   BF713 STR BSSM00001331 03/12/2025 1 03/12/2025 Books
    Library of Congress Classification     Non-fiction Business Library (Miotso) Business Library (Miotso) General stacks 03/12/2025   BF713 STR BSSM00001348 03/12/2025 2 03/12/2025 Books
© 2023-2024 Copyright: Central University Libraries. All Rights Reserved | Created by: Mahone Tech Office